000 00481nam a2200181 4500
001 122534
003 ES-MaACL
005 20250927063037.0
007 t|
008 070214s1970 sp r ||||1| spa d
100 1 _aPuerto, Carlos,
_d1942-
_9149397
245 1 3 _aEl nuevo silencio /
_cCarlos Puerto.
250 _a1ยช. ed.
260 _aMadrid :
_bLiteroy,
_c1970.
300 _a201 p. ;
_c19 cm.
852 _aES-MaACL
_jC-40030
_bR.74025
999 _c122534
_d122534